Диэлектрические свойства древесины берёзы в высокочастотном диапазоне; Известия вузов. Физика; Т. 58, № 9

Bibliografske podrobnosti
Parent link:Известия вузов. Физика: научный журнал/ Национальный исследовательский Томский государственный университет (ТГУ).— , 1957-
Т. 58, № 9.— 2015.— [С. 84-87]
Glavni avtor: Горешнев М. А. Максим Алексеевич
Korporativna značnica: Национальный исследовательский Томский политехнический университет (ТПУ) Институт физики высоких технологий (ИФВТ) Кафедра сильноточной электроники (СЭ)
Drugi avtorji: Литвишко Е. С. Евгений Сергеевич, Лопатин В. В. Владимир Васильевич
Izvleček:Заглавие с экрана
Представлены результаты измерения диэлектрических свойств древесины берёзы в зависимости от её влажности в радиочастотном диапазоне. Полученные зависимости указывают на сильное влияние анизотропии древесины особенно в области низких частот. Показано, что в качестве изоляции древесину нерационально использовать, если её влажность превышает 15-20 %.
Режим доступа: по договору с организацией-держателем ресурса
Jezik:ruščina
Izdano: 2015
Teme:
Online dostop:http://elibrary.ru/item.asp?id=24339628
Format: Elektronski Book Chapter
KOHA link:https://koha.lib.tpu.ru/cgi-bin/koha/opac-detail.pl?biblionumber=645676

MARC

LEADER 00000nla0a2200000 4500
001 645676
005 20250327133500.0
035 |a (RuTPU)RU\TPU\network\10767 
090 |a 645676 
100 |a 20160118d2015 k||y0rusy50 ca 
101 0 |a rus 
102 |a RU 
135 |a drcn ---uucaa 
181 0 |a i  
182 0 |a b 
200 1 |a Диэлектрические свойства древесины берёзы в высокочастотном диапазоне  |f М. А. Горешнев, Е. С. Литвишко, В. В. Лопатин 
203 |a Текст  |c электронный 
300 |a Заглавие с экрана 
320 |a [Библиогр.: с. 87 (8 назв.)] 
330 |a Представлены результаты измерения диэлектрических свойств древесины берёзы в зависимости от её влажности в радиочастотном диапазоне. Полученные зависимости указывают на сильное влияние анизотропии древесины особенно в области низких частот. Показано, что в качестве изоляции древесину нерационально использовать, если её влажность превышает 15-20 %. 
333 |a Режим доступа: по договору с организацией-держателем ресурса 
461 |t Известия вузов. Физика  |o научный журнал  |f Национальный исследовательский Томский государственный университет (ТГУ)  |d 1957- 
463 |t Т. 58, № 9  |v [С. 84-87]  |d 2015 
610 1 |a электронный ресурс 
610 1 |a труды учёных ТПУ 
610 1 |a древесина 
610 1 |a диэлектрическая проницаемость 
610 1 |a тангенсы 
610 1 |a удельное сопротивление 
610 1 |a диапазоны 
610 1 |a влажность 
700 1 |a Горешнев  |b М. А.  |c специалист в области электротехники  |c инженер Томского политехнического университета  |f 1986-  |g Максим Алексеевич  |3 (RuTPU)RU\TPU\pers\29883 
701 1 |a Литвишко  |b Е. С.  |c специалист в области электроэнергетики  |c инженер-исследователь Томского политехнического университета  |f 1990-  |g Евгений Сергеевич  |3 (RuTPU)RU\TPU\pers\31228 
701 1 |a Лопатин  |b В. В.  |c электрофизик  |c доктор физико-математических наук, профессор Томского политехнического университета, заместитель директора по научной работе ИФВТ ТПУ  |f 1947-2015  |g Владимир Васильевич  |3 (RuTPU)RU\TPU\pers\20662 
712 0 2 |a Национальный исследовательский Томский политехнический университет (ТПУ)  |b Институт физики высоких технологий (ИФВТ)  |b Кафедра сильноточной электроники (СЭ)  |3 (RuTPU)RU\TPU\col\18691 
801 2 |a RU  |b 63413507  |c 20160118  |g RCR 
856 4 |u http://elibrary.ru/item.asp?id=24339628 
942 |c CF